000 00847nam a2200205 a 4500
008 120416s2004 ||||||||||||||||| || u
020 _a0850927978
050 _aCOMM(02)
100 _aChen, Martha Alter
245 1 0 _aMainstreaming informal employment and gender in poverty reduction: a handbook for policy-makers and other stakeholders
_cby Martha Alter Chen, Joann Vanek and Marilyn Carr
260 _aLondon:
_bCommonwealth Secretariat
_c2004
300 _axxiii, 248p.: ill.
350 _a0.00
490 _aNew Gender Mainstreaming series on Gender issues
650 _aECONOMIC DEVELOPMENT--GENDER ASPECTS
650 _aGENDER
700 _aCarr, Marilyn
700 _aVanek, Joann
995 _D0.00
_FCBU-MAIN LIBRARY (Kitwe)
_H1
_I0.00
_M1
_UAVAILABLE
_ZInternational Publications
999 _c49685
_d49685